| 000 | 00348cam a22001217a 4500 | ||
|---|---|---|---|
| 008 | 180718b1974 xxu||||| |||| 00| 0 eng d | ||
| 082 | _aN12x54 L858 | ||
| 100 | _aLonger, V. | ||
| 245 |
_aRed coats to olive green: a history of the Indian army, 1600-1974 _cby V. Longer |
||
| 260 |
_aBombay _bAllied _c1974 |
||
| 300 | _a543p. | ||
| 650 | _aArmy - India | ||
| 999 |
_c347830 _d347830 |
||